Európska dimenzia riešenia problematiky nezamestnanosti mladých ľudí dizertačná práca

Salvato in:
Dettagli Bibliografici
Autore principale: Hulmanová, Margita
Ente Autore: Fakulta medzinárodných vzťahov EU. Katedra medzinárodných politických vzťahov
Altri autori: Plávková, Oľga
Natura: Libro
Lingua:slovacco
Pubblicazione: Bratislava 2012
Soggetti:
Tags: Aggiungi Tag
Nessun Tag, puoi essere il primo ad aggiungerne!!

MARC

LEADER 00000nbm a2200000 4500
001 0159739
005 20240502072752.6
041 0 |a slo 
044 |a SK 
245 1 0 |a Európska dimenzia riešenia problematiky nezamestnanosti mladých ľudí  |b dizertačná práca  |c Margita Hulmanová ; školiteľ: Oľga Plávková 
264 1 |a Bratislava  |c 2012 
300 |a 157 s. 
610 2 0 |a nezamestnanosť 
610 2 0 |a trh práce 
610 2 0 |a Európska únia 
100 1 |a Hulmanová, Margita 
700 1 |a Plávková, Oľga 
710 2 |a Fakulta medzinárodných vzťahov EU. Katedra medzinárodných politických vzťahov